İş güvencesi yasa tasarısının değerlendirilmesi (Record no. 4657)
[ view plain ]
| 000 -BAŞLIK | |
|---|---|
| Sabit Uzunlukta Kontrol Alanı | 00782na a2200229 4500 |
| 001 - KONTROL NUMARASI | |
| Denetim Alanı | 17702 |
| 003 - KONTROL NUMARASI IDENTIFIER | |
| Denetim Alanı | MIRAKIL |
| 005 - SON İŞLEM TARİHİ VE ZAMANI | |
| Denetim Alanı | 20181213155014.0 |
| 008 - SABİT-BOY VERİ ELEMANLARI - GENEL BİLGİLER | |
| Sabit Uzunlukta Kontrol Alanı | 161102b tu 000 0 |
| 040 ## - KATALOGLAMA KAYNAK | |
| Orijinal Kataloglama Ajansı | Milas |
| Kataloglama Dili | tur |
| Metne Dönüştürmek Ajansı | TR-AnCHP |
| 041 ## - DİL KODU | |
| Metin / Ses Parça Veya Ayrı Başlığın Dil Kodu | tur |
| 082 ## - DEWEY ONLU SINIFLANDIRMA NUMARASI | |
| Sınıflandırma Numarası | 331.2596 |
| Ürün Numarası | T96i 2001 |
| 090 ## - SINIFLAMA NUMARASI | |
| Sınıflama Numarası | 331.2596 T96i 2001 |
| 111 ## - ANA GİRİŞ - TOPLANTI ADI | |
| Giriş Elemanı Olarak Toplantı Adı Veya Yargı Alanı Adı | Türk İş Hukukunun Güncel Sorunları 2001 Temmuz Toplantısı |
| Toplantının Yeri | İstanbul |
| Toplantı Veya Antlaşma İmzalandığı Tarihi | 2001 |
| 245 ## - BAŞLIK TABLOSU | |
| Başlık | İş güvencesi yasa tasarısının değerlendirilmesi |
| Sorumluluk Tablosu, Vb | İstanbul Barosu Başkanlığı |
| 260 ## - YAYIN, DAĞITIM, VB | |
| Yayın, Dağıtım, Vb Yeri | İstanbul |
| Yayıncı, Dağıtıcı, Vs Adı | İstanbul Barosu Yayınları |
| Yayın, Dağıtım, Vb Tarihi | 2001 |
| 300 ## - FİZİKSEL TANIM | |
| Kapsam | 141 s. |
| Boyutlar | 23 sm. |
| 650 ## - KONU KATMA GİRİŞ - TOPİKAL DÖNEM | |
| Topikal Süreli Veya Coğrafi Ad Giriş Elemanı | İş güvenliği |
| Genel Alt Bölümü | Toplantılar |
| 650 ## - KONU KATMA GİRİŞ - TOPİKAL DÖNEM | |
| Topikal Süreli Veya Coğrafi Ad Giriş Elemanı | İş güvenliği |
| Genel Alt Bölümü | Yasa tasarıları |
| Kronolojik Alt Bölümü | Toplantılar |
| 710 ## - KATMA GİRİŞ - KURUMSAL ADI | |
| Giriş Elemanı Olarak Kurumsal Ad Veya Yargı Alanı Adı | İstanbul Barosu Başkanlığı |
| 942 ## - EKLENDİ GİRİŞ ELEMANLARI (KOHA) | |
| Sınıflandırma Veya Raf Düzeni Kaynak | Dewey Decimal Classification |
| Koha Öğesi Türü | Books |
| 999 ## - SİSTEM KONTROL NUMARALARI (KOHA) | |
| Koha Biblionumber | 4657 |
| Koha Biblioitemnumber | 4657 |
| Kalıcı Konum | Mevcut Konum | Edinme Tarihi | Edinim Kaynak | Toplam Check-Out'Lar | Tam Çağrı Numarası | Barkod | Tarih Son Görülme | İtibaren Geçerli Fiyatlar | Koha Öğesi Türü |
|---|---|---|---|---|---|---|---|---|---|
| CHP Kütüphanesi | CHP Kütüphanesi | 11/02/2016 | Bağış | 331.2596 T96i 2001 | 008248 | 11/02/2016 | 11/02/2016 | Books |
